[Event "Marienbad Open GM 2020"]
[Site "Marianske Lazne"]
[Date "2020.01.20"]
[Round "3.4"]
[White "Plat, Vojtech"]
[Black "Bracker, Arne"]
[Result "1-0"]
[WhiteElo "2589"]
[BlackElo "2243"]
[Annotator "TA"]
[PlyCount "85"]
[EventDate "2020.01.18"]
[EventType "tourn"]
[EventCountry "CZE"]
[SourceTitle "playchess.com"]
[Source "ChessBase"]
[SourceQuality "1"]

{[%evp 24,85,0,0,0,0,0,0,0,0,0,0,0,-27,-18,-29,-20,-27,0,-16,0,0,0,-7,0,0,0,-12,0,0,0,-39,-15,-17,0,-56,0,-31,-32,-61,-25,-40,0,0,0,0,0,0,0,0,0,0,0,0,0,0,193,179,333,319,304,302,531,524]} 1. e4 e5 2. Nf3 Nc6 3. d4 exd4 4. Nxd4 Nf6 5. Nxc6 bxc6 6. e5 Qe7 7. Qe2 Nd5 8. c4 Ba6 9. g3 ({Predecessor:} 9. b3 g6 {½-½ (71) Tomczak,J (2509)-Nabaty,T (2523) Chotowa 2010}) 9... g6 10. b3 Bg7 11. Bb2 O-O 12. Bg2 Rae8 13. O-O $1 Bxe5 {C45: Scotch Game} 14. Qxe5 Qxe5 15. Bxe5 Rxe5 {The position is equal.} 16. cxd5 Bxf1 17. Kxf1 cxd5 {[#]} 18. Nc3 $146 (18. Na3 c6 19. Rd1 Rb8 20. Nc2 Rb6 21. Bf3 {½-½ (43) Chigaev,M (2623)-Sjugirov,S (2657) Budva 2019}) 18... c6 19. Na4 Rfe8 20. Bf3 Kf8 21. Nc5 Ke7 22. Nd3 Re6 23. Rc1 a5 24. Nc5 Re5 25. h4 f5 26. Nd3 Re6 27. h5 g5 28. Nc5 Re5 29. Be2 ({White should play} 29. Nd3 $11 Re6 30. Nc5) 29... Rb8 (29... Kd6 $15 30. Bd3 g4) 30. Ke1 Kd6 {Strongly threatening ...Rbe8.} 31. Kd2 h6 (31... Rbe8 $5 {[%cal Re5e2]} 32. Bf1 f4 $15) 32. Bf1 f4 33. Nd3 $1 {[%cal Rd3e5]} Re4 {Hoping for ...fxg3.} 34. gxf4 gxf4 35. Bg2 Rd4 36. Bf3 {[#]} c5 $1 {[%mdl 512] ...c4 is the strong threat.} 37. Kc3 {aiming for Rg1.} (37. Rxc5 Rxd3+) 37... a4 38. Rd1 axb3 39. axb3 Ra8 $2 (39... Rb5 $11 {and Black has nothing to worry.}) 40. Rg1 $18 {[%mdl 1024] Threatens to win with Rg6+. White has strong compensation.} Kc6 $2 (40... Rxd3+ {was called for.} 41. Kxd3 Ra2) 41. Rg6+ {[%mdl 64] [#] Double Attack} d6 {and the idea ...Ra3 leaves Black hopeful.} 42. Rxh6 Ra2 $2 (42... Ra3) 43. Rf6 {Accuracy: White = 63%, Black = 28%.} 1-0

[Event "Marienbad Open GM 2020"]
[Site "Marianske Lazne"]
[Date "2020.01.20"]
[Round "3.5"]
[White "Kovalev, Andrei"]
[Black "Baenziger, Fabian"]
[Result "1-0"]
[WhiteElo "2489"]
[BlackElo "2412"]
[Annotator "TA"]
[PlyCount "69"]
[EventDate "2020.01.18"]
[EventType "tourn"]
[EventCountry "CZE"]
[SourceTitle "playchess.com"]
[Source "ChessBase"]
[SourceQuality "1"]

{[%evp 15,69,14,10,8,25,10,10,-3,0,-4,22,-3,0,0,0,0,0,0,0,0,0,0,0,0,0,0,92,0,0,0,135,141,133,144,137,137,132,142,1199,1161,1156,1095,29967,14,0,0,29968,29969,29947,29947,6270,6187,6187,6175,6187,6170]} 1. e4 c5 2. Nf3 d6 3. Bb5+ Nd7 4. c3 Ngf6 5. Qe2 a6 6. Ba4 b5 7. Bc2 Bb7 8. O-O e6 9. d4 {B51: Sicilian: Moscow Variation (3 Bb5+) without 3...Bd7} Be7 10. Bf4 O-O 11. Nbd2 {The position is equal.} Qc7 $146 ({Predecessor:} 11... Rc8 12. Rac1 Re8 {½-½ (46) Navara,D (2734)-Vachier Lagrave,M (2775) Riga 2019}) 12. Rac1 Rfe8 13. h3 Rac8 14. e5 Nd5 15. Bg3 cxd4 16. cxd4 {Bxh7+! is the strong threat.} Qb6 17. Ne4 {[%cal Re5d6]} dxe5 18. dxe5 Nb4 19. Bb1 Rxc1 20. Rxc1 Bd5 (20... Bxe4 $11 21. Qxe4 g6) 21. Rd1 (21. Nd6 $16 Bxd6 22. exd6) 21... Rd8 $11 22. Nd6 Nxe5 (22... g6 $11) 23. Nxe5 $16 Bxd6 {[#]} 24. Bxh7+ $1 {[%mdl 512]} Kxh7 25. Qh5+ {[%mdl 64] Double Attack} Kg8 26. Qxf7+ Kh8 $2 {[%mdl 8192] [#]} (26... Kh7 $16) 27. Ng6+ $1 $18 Kh7 28. Bxd6 {White wants to mate with Ne7.} Rxd6 29. Nf8+ $2 (29. Ne7 {mates} e5 30. Rxd5 (30. Nxd5 Nxd5 31. Rxd5 Rxd5 $16) 30... Nxd5 31. Qg8+ (31. Nxd5 Qc6 $11) 31... Kh6 32. Qh8+ Kg5 33. Qxg7+ {[%mdl 64] Double Attack} Rg6 {[#]} 34. h4+ $1 {[%mdl 512]} (34. Nxg6 Qxg6 35. Qxe5+ {[%mdl 64] Double Attack} Qf5 $11) 34... Kg4 35. Nxg6) 29... Kh8 $11 {Threatens to win with ...e5.} 30. Ng6+ $2 $40 {[%mdl 8320] White is up to no good.} (30. Qh5+ $11 Kg8 31. Ng6) 30... Kh7 {White must now prevent ...e5.} 31. Ne7 {[%cal Rf7h5]} e5 32. Rxd5 Nxd5 33. Qg8+ {White is clearly winning.} Kh6 34. Qh8+ Kg5 35. Qxg7+ {[%mdl 64] Double Attack. Accuracy: White = 59%, Black = 50%.} 1-0

[Event "Marienbad Open GM 2020"]
[Site "Marianske Lazne"]
[Date "2020.01.21"]
[Round "4.1"]
[White "Bai, Adelard"]
[Black "Baenziger, Fabian"]
[Result "1/2-1/2"]
[WhiteElo "2430"]
[BlackElo "2412"]
[Annotator "TA"]
[PlyCount "39"]
[EventDate "2020.01.18"]
[EventType "tourn"]
[EventCountry "CZE"]
[SourceTitle "playchess.com"]
[Source "ChessBase"]
[SourceQuality "1"]

{[%evp 23,33,-4,10,-37,-10,-40,-37,-43,-58,-55,-25,-20]} 1. d4 Nf6 2. c4 g6 3. g3 Bg7 4. Bg2 O-O 5. Nc3 Nc6 6. Nf3 d5 7. cxd5 Nxd5 8. O-O Nb6 9. d5 Na5 10. e4 c6 11. Nd4 cxd5 12. exd5 e6 {[%cal Rb6d5]} 13. Nc2 {D76: Fianchetto Grünfeld: Main Line with 7...Nb6} (13. Nb3 Nac4 14. dxe6 Bxe6 15. Bxb7 Qxd1 16. Rxd1 Rad8 17. Rxd8 Rxd8 18. Bg5 Rb8 19. Bg2 Nxb2 20. Nb5 a6 {½-½ (31) Wiewiora,E (2370)-Molenda,M (2383) Katowice 2019}) 13... exd5 14. Nxd5 Nxd5 15. Bxd5 Bh3 16. Re1 Qd7 17. Ne3 {Predecessor:} Rad8 $146 18. Bd2 Nc6 19. Bc3 Bxc3 20. bxc3 {½-½ (45) Aydin,E (1981)-Altunbay,O (1837) Mersin 2016} 1/2-1/2

[Event "Marienbad Open GM 2020"]
[Site "Marianske Lazne"]
[Date "2020.01.21"]
[Round "4.2"]
[White "Bracker, Arne"]
[Black "Kovalev, Andrei"]
[Result "1/2-1/2"]
[WhiteElo "2243"]
[BlackElo "2489"]
[Annotator "TA"]
[PlyCount "80"]
[EventDate "2020.01.18"]
[EventType "tourn"]
[EventCountry "CZE"]
[SourceTitle "playchess.com"]
[Source "ChessBase"]
[SourceQuality "1"]

{[%evp 29,80,49,54,0,42,12,-12,-12,156,-65,-82,-52,-45,-46,-51,-66,-44,-60,-59,-129,-72,-100,-100,-87,-16,-4,0,0,0,0,0,0,0,0,0,0,0,0,0,0,0,0,0,0,0,0,0,0,0,0,0,0,0]} 1. e4 c5 2. Nf3 Nc6 3. d4 cxd4 4. Nxd4 g6 5. c4 Bg7 6. Be3 Nf6 7. Nc3 O-O 8. Be2 d6 9. O-O Bd7 10. f3 Nxd4 11. Bxd4 Bc6 12. Qd2 Nd7 13. Be3 a5 14. b3 Nc5 15. Rab1 e6 16. a3 {B38: Sicilian: Maroczy Bind with 5...Bg7 and 7...0-0} (16. Nb5 $14) 16... Be5 17. b4 axb4 18. axb4 Qf6 $2 {[#]} (18... Ra3 $11) (18... Ra3 19. bxc5 Rxc3 20. f4 Bg7 21. e5 dxe5 22. Qxc3 exf4 23. Qd2 Qg5 {0-1 (43) Bu,X (2730)-Savchenko,B (2566) Riadh 2017}) 19. bxc5 $2 (19. Nd1 $1 $16) 19... Bxc3 $15 20. Qd3 $146 ({Predecessor:} 20. Qc1 Ra2 21. Rf2 dxc5 22. Bxc5 Rd8 23. Be3 Bd2 24. Bxd2 Rdxd2 25. Qf1 Qd4 26. Re1 Ba4 27. g3 Bc2 28. Kg2 Bd3 29. Rd1 Bxe2 30. Qxe2 Qxf2+ {0-1 (30) Alinasab,M (2199)-Uuriintuya,U (2199) Bhubaneswar 2016}) 20... dxc5 21. Bxc5 Rfd8 22. Qe3 Bd2 23. Qf2 Ra2 24. Rfd1 {[#]} (24. Be3 $15) 24... Ba4 $1 $17 {[%cal Ra4d1]} 25. Rf1 Bf4 {And now ...Rdd2 would win.} 26. g3 Qg5 ({Black should try} 26... Rdd2 $17 27. Rfe1 Be5) 27. Kh1 $11 {The position is equal.} Bxg3 (27... Rc8 {is more complex.} 28. Bb6 Bd6 29. Ra1 Qd2 30. Bd4 Rxa1 31. Rxa1 Bb3) 28. hxg3 {Be3 is the strong threat.} Rxe2 $1 29. Qxe2 Rd2 30. Qxd2 $1 Qxd2 31. Rxb7 h5 32. Rf2 Qg5 33. Bd6 e5 34. Kh2 {Hoping for f4!} h4 35. gxh4 Qxh4+ {[%mdl 64] Double Attack} 36. Kg2 Qg5+ 37. Kh2 Qf4+ 38. Kg2 Qg5+ 39. Kh2 Qf4+ 40. Kg2 Qg5+ {Accuracy: White = 39%, Black = 58%.} 1/2-1/2

[Event "Marienbad Open GM 2020"]
[Site "Marianske Lazne"]
[Date "2020.01.21"]
[Round "4.3"]
[White "Makarian, Rudik"]
[Black "Plat, Vojtech"]
[Result "1/2-1/2"]
[WhiteElo "2403"]
[BlackElo "2589"]
[Annotator "TA"]
[PlyCount "86"]
[EventDate "2020.01.18"]
[EventType "tourn"]
[EventCountry "CZE"]
[SourceTitle "playchess.com"]
[Source "ChessBase"]
[SourceQuality "1"]

{[%evp 17,86,36,46,46,47,10,9,24,48,43,38,44,36,49,76,61,71,48,115,103,166,158,137,150,155,138,133,125,139,101,104,111,100,100,98,109,125,118,118,118,89,8,134,52,52,55,45,0,0,0,0,0,0,0,0,0,0,-6,-3,-3,0,0,0,0,0,0,0,0,0,0,0]} 1. d4 Nf6 2. c4 g6 3. g3 Bg7 4. Bg2 d5 5. cxd5 Nxd5 6. e4 Nb6 7. Ne2 Nc6 8. d5 Na5 9. O-O O-O 10. Nbc3 {D72: Fianchetto Grünfeld: 5 cxd5 Nxd5 6 e4 Nb6 (without Nf3)} (10. Qc2 c6 11. Bd2 Nac4 12. Bc3 cxd5 13. Bxg7 Kxg7 14. b3 Nd6 15. exd5 Bf5 16. Qb2+ Kg8 17. Nbc3 Rc8 {½-½ (65) Michalik,P (2560)-Plat,V (2556) Prague 2018}) 10... e6 11. h3 exd5 12. exd5 Nac4 13. b3 Nd6 14. Bf4 $146 ({Predecessor:} 14. Bd2 Re8 15. Nf4 Bd7 16. Rc1 a5 17. a4 Nbc8 {½-½ (31) Straub,N (2159)-Nguyen,H (1919) Germany 2017}) 14... Re8 15. Rc1 Bd7 16. Qd2 Nbc8 17. Rfe1 Nf5 (17... h5 $14) 18. g4 $16 Nh4 (18... Nfd6 $16 {was called for.}) 19. Bg5 $18 Nxg2 20. Bxd8 Nxe1 21. Rxe1 Rxd8 22. Ne4 Nb6 23. Qa5 f5 24. Nc5 fxg4 25. Nf4 (25. Nxb7 Rf8) 25... gxh3 26. Nce6 Bxe6 27. dxe6 Rd4 28. Qg5 Re8 {[#]} 29. e7 ({Much weaker is} 29. Nxh3 $6 Nd5 $11) ({Better is} 29. Re3 $1 $16) 29... Nd7 (29... Rd6 $11 {remains equal.}) 30. Qg4 (30. Ne6 $16 Bf6 {[%mdl 64] Double Attack} 31. Qc1 Rg4+ 32. Kh1 Rxe7 33. Qxc7) 30... Rd6 $1 $14 31. Qxh3 Ne5 32. Nd5 c6 $36 {[%mdl 2048] The position is equal. Black has the initiative.} 33. f4 Nf3+ $1 34. Qxf3 {Strongly threatening Nc7.} Rxd5 35. Qe4 {Qe6+ is the strong threat.} Bf6 36. Qb4 Rd7 {[%cal Rf6e7]} 37. f5 Kg7 38. fxg6 Bxe7 39. Qg4 Bc5+ {[%mdl 64] [#] Discovered Attack} 40. Kg2 Rd2+ {[%mdl 64] Double Attack} 41. Kh3 {Intending gxh7+ and mate.} Rd3+ 42. Kg2 Rd2+ $1 {[%mdl 64] Double Attack} 43. Kh3 {White wants to mate with gxh7+.} Rd3+ {Accuracy: White = 69%, Black = 50%.} 1/2-1/2

[Event "Marienbad Open GM 2020"]
[Site "Marianske Lazne"]
[Date "2020.01.21"]
[Round "4.4"]
[White "Dev, Shah"]
[Black "Siddharth, Jagadeesh"]
[Result "1/2-1/2"]
[WhiteElo "2320"]
[BlackElo "2301"]
[Annotator "TA"]
[PlyCount "90"]
[EventDate "2020.01.18"]
[EventType "tourn"]
[EventCountry "CZE"]
[SourceTitle "playchess.com"]
[Source "ChessBase"]
[SourceQuality "1"]

{[%evp 12,90,53,52,67,79,81,81,81,70,81,69,93,68,68,70,77,83,245,244,303,320,326,240,333,337,331,317,315,281,274,279,362,365,344,337,466,467,442,375,430,433,410,316,317,317,317,318,327,319,318,324,312,316,316,310,330,251,258,258,252,207,207,196,222,225,226,214,249,206,210,210,201,8,8,8,8,8,5447,5447,5447]} 1. d4 Nf6 2. c4 c5 3. d5 b5 4. cxb5 a6 5. e3 e6 6. Nc3 Bb7 7. e4 axb5 {A57: Benko/Volga Gambit} (7... g6 8. a4 Bg7 9. Bf4 O-O 10. Nf3 exd5 11. e5 Ne4 12. Nxd5 Qa5+ 13. b4 cxb4 14. Bc4 b3+ 15. Kf1 {0-1 (23) Ivanchuk,V (2726)-Christiansen,J (2495) Riadh 2017}) 8. Bxb5 Qa5 {With the idea ...Nxe4.} 9. Bd2 Qb6 {Black wants to play ...Nxe4.White is better.} 10. a4 exd5 11. exd5 Nxd5 12. Nxd5 Bxd5 13. Nf3 Qe6+ {[#]} 14. Be3 $146 {Threatens to win with 0-0.} ({Predecessor:} 14. Qe2 Bxf3 15. gxf3 Be7 16. Bc3 {0-1 (38) Drvodelic,M (2056)-Lasic,L (2209) Zagreb 2011}) 14... Bc4 $2 (14... Be7 $16) 15. Ng5 $18 Qd5 {[#]} 16. Bxc4 $1 Qxc4 17. Rc1 Qxa4 18. Qd5 ({And not} 18. Bxc5 Bxc5 19. Qe2+ Kf8 $11) 18... f6 19. Nf7 ({Worse is} 19. Bxc5 Bxc5 20. Qxc5 Nc6 $11) 19... Qc6 20. Qxc6 Nxc6 21. Nxh8 Be7 22. O-O d6 23. Rfe1 Ne5 24. Ra1 Rb8 25. Bd2 Rxb2 26. Ra8+ Kd7 27. Ra7+ Ke6 28. Bc1 Rb8 29. f4 {[%mdl 64] Pin} Rxh8 30. fxe5 fxe5 31. Ra6 Rb8 32. Ba3 Rb5 33. Rd1 e4 34. Kf2 Ke5 35. Ra7 Ke6 36. Rc1 Bf6 37. Rc2 Bd4+ 38. Ke2 Rb3 39. Bc1 d5 40. Ra3 c4 41. Rxb3 cxb3 42. Rb2 $2 ({White must play} 42. Rd2 $18 Bc3 43. Rd1) 42... Bxb2 $11 43. Bxb2 g5 44. g4 {And now Bd4 would win.} h5 $2 {[%mdl 8192]} (44... Kd6 $11) 45. gxh5 $18 Kf7 {[%mdl 32768] Accuracy: White = 67%, Black = 45%. . An unexpected result.} 1/2-1/2

[Event "Marienbad Open GM 2020"]
[Site "Marianske Lazne"]
[Date "2020.01.21"]
[Round "4.5"]
[White "Quesada Perez, Luis Ernesto"]
[Black "Swicarz, Maciej"]
[Result "1-0"]
[WhiteElo "2491"]
[BlackElo "2357"]
[Annotator "TA"]
[PlyCount "65"]
[EventDate "2020.01.18"]
[EventType "tourn"]
[EventCountry "CZE"]
[SourceTitle "playchess.com"]
[Source "ChessBase"]
[SourceQuality "1"]

{[%evp 19,65,0,14,0,18,0,12,16,26,23,38,4,59,55,150,24,187,178,169,155,245,254,231,239,278,223,418,418,418,418,413,405,424,424,421,418,415,420,418,418,407,407,387,392,819,768,29997,29979]} 1. d4 Nf6 2. c4 g6 3. Nc3 d5 4. Nf3 Bg7 5. e3 O-O 6. cxd5 Nxd5 7. Bc4 Nxc3 8. bxc3 c5 9. O-O b6 10. Qe2 Bb7 11. e4 $146 {D94: Grünfeld: 4 Nf3 Bg7 5 e3} ({Predecessor:} 11. Ba3 Qc7 12. Rac1 Nc6 13. Rfd1 Na5 14. Bb5 Rfd8 15. h3 e6 16. Nd2 a6 17. Ba4 Bf8 18. Bb2 e5 {0-1 (35) Favarel,A (2345)-Negi,P (2638) Cappelle-la-Grande 2014}) 11... Nc6 {[%cal Rc5d4]} 12. Be3 Na5 13. Bd3 {The position is equal.} Qc7 14. h4 e5 15. Nxe5 Rae8 (15... Bxe5 $11 16. dxe5 Qxe5) 16. f3 f5 (16... Bxe5 $14 17. dxe5 Qxe5) 17. Bf4 (17. exf5 $16 Bxe5 18. dxe5) 17... Qe7 $2 (17... Qd6 $11 {and Black has nothing to worry.}) 18. exf5 $18 cxd4 19. cxd4 Nc6 (19... Qxh4 $16 {keeps fighting.} 20. Qe3 (20. fxg6 hxg6 21. g3 Qd8 $18) 20... gxf5) 20. fxg6 hxg6 21. Qe3 Qxh4 22. g3 ({Inferior is} 22. Bxg6 Re6 $17) 22... Qh3 $2 (22... Qh5 {was worth a try.}) 23. Bc4+ Kh7 24. Rf2 {[#] Threatens to win with Rh2!} Nxd4 25. Qxd4 Rxe5 26. Bxe5 {White wants to mate with Rh2!} Qxg3+ 27. Bxg3 {Intending Rh2+ and mate.} Bxd4 28. Rd1 Bxf2+ 29. Bxf2 {Hoping for Rd7+.} ({Weaker is} 29. Kxf2 Rxf3+ 30. Ke2 Rxg3 $18) 29... Bxf3 30. Rd7+ {[%mdl 64] [#] Double Attack} Kh6 31. Rxa7 Rb8 $2 (31... Kg5 32. Bxb6 Rc8 33. Be3+ Kf6) 32. Be3+ Kh5 33. Kf2 {Accuracy: White = 71%, Black = 17%.} 1-0

[Event "Marienbad Open GM 2020"]
[Site "Marianske Lazne"]
[Date "2020.01.21"]
[Round "5.1"]
[White "Swicarz, Maciej"]
[Black "Bai, Adelard"]
[Result "1-0"]
[WhiteElo "2357"]
[BlackElo "2430"]
[Annotator "TA"]
[PlyCount "85"]
[EventDate "2020.01.18"]
[EventType "tourn"]
[EventCountry "CZE"]
[SourceTitle "playchess.com"]
[Source "ChessBase"]
[SourceQuality "1"]

{[%evp 10,85,33,31,49,25,25,16,42,40,33,35,44,39,30,32,58,51,72,83,81,79,85,37,41,34,39,31,21,21,42,41,42,59,54,29,32,28,12,10,82,0,0,0,0,0,0,0,0,0,0,0,179,181,413,395,416,393,552,553,779,754,754,754,754,754,747,747,747,747,886,879,954,797,777,763,699,637]} 1. e4 e5 2. Nf3 Nc6 3. Bc4 Nf6 4. d3 Be7 5. O-O O-O 6. a4 d6 {C55: Two Knights: 4 d3, 4 d4 exd4 5 e5 and Max Lange Attack} 7. a5 $146 (7. Re1 Be6 8. Bxe6 fxe6 9. Nc3 Qe8 10. Ne2 Nh5 11. Ng3 Nf4 12. c3 Qf7 13. d4 exd4 14. cxd4 d5 15. Bxf4 Qxf4 16. exd5 exd5 {1-0 (39) Kobalia,M (2609)-Postny,E (2605) Moscow 2019}) ({Predecessor:} 7. Re1 Kh8 8. h3 Ng8 9. Nc3 f5 10. Nd5 fxe4 11. dxe4 Bf6 12. a5 {½-½ (41) Udeshi,A (2379)-Ghosh,D (2288) Aurangabad 2011}) 7... a6 8. h3 Kh8 {The position is equal.} 9. Re1 Ng8 10. Nc3 f5 11. Nd5 fxe4 12. dxe4 Bf6 13. Ra3 ({But not} 13. Nxf6 Qxf6 14. Ra3 (14. Bg5 Qg6 $17) 14... h6 $11) 13... Nce7 {[%cal Bc6e7,Be7g6,Bg6f4][%mdl 32]} 14. Nxf6 Nxf6 15. Ng5 Qe8 16. Ne6 Bxe6 $1 17. Bxe6 Ng6 18. Ba2 Nf4 19. b4 Qg6 {[%csl Gf4][%cal Rg6g2]} 20. Rg3 Qh6 21. Rc3 Rac8 22. Qf3 g5 23. Bxf4 gxf4 24. Qd3 f3 {[#]} (24... Qg7 $11 {remains equal.}) 25. Qxf3 (25. Be6 $1 $16 {[%cal Re6c8]} Nxe4 26. Bxc8 Nxc3 27. Qxc3 Rxc8 28. Qxf3) 25... Nd5 $1 $11 {[%mdl 64] Discovered Attack} 26. Bxd5 Rxf3 27. Rxf3 c6 28. Bb3 Qd2 29. Ree3 $1 Qxb4 30. Rf7 Qxa5 $2 {[#]} (30... Re8 $11 {and Black is okay.}) 31. Be6 $1 $18 {[%cal Re6c8]} Qd8 $2 (31... Rg8) 32. Rg3 ({Much less strong is} 32. Bxc8 Qxc8 33. Ref3 Kg8 $18) 32... Qe8 33. Bb3 d5 (33... c5 {was necessary.} 34. Rgg7 c4) 34. Rgg7 {White is clearly winning.} Rd8 35. Rxh7+ Kg8 36. Rfg7+ Kf8 37. Rxb7 {[%cal Rh7h8]} Kg8 38. Rbg7+ Kf8 39. h4 Qe6 40. h5 Rd6 41. h6 Qxh6 42. Rxh6 Rxh6 43. Ra7 {Accuracy: White = 84%, Black = 44%.} 1-0

[Event "Marienbad Open GM 2020"]
[Site "Marianske Lazne"]
[Date "2020.01.21"]
[Round "5.2"]
[White "Siddharth, Jagadeesh"]
[Black "Quesada Perez, Luis Ernesto"]
[Result "0-1"]
[WhiteElo "2301"]
[BlackElo "2491"]
[Annotator "TA"]
[PlyCount "142"]
[EventDate "2020.01.18"]
[EventType "tourn"]
[EventCountry "CZE"]
[SourceTitle "playchess.com"]
[Source "ChessBase"]
[SourceQuality "1"]

{[%evp 12,142,11,12,62,52,84,89,91,82,81,91,85,85,85,80,83,95,94,53,64,33,30,36,52,51,32,26,34,34,35,24,43,20,79,80,94,79,104,33,40,40,43,1,38,0,0,0,22,18,59,53,68,70,60,64,58,0,0,0,0,0,8,8,13,0,0,0,0,0,8,0,8,0,8,0,0,0,8,0,0,0,8,8,8,0,8,0,8,0,50,48,58,0,8,0,8,0,42,0,48,0,0,-32,-32,-78,-74,-59,-70,-70,-68,-60,0,-346,-326,-278,-248,-550,-550,-1469,-1191,-29988,-29989,-29989,-1472,-2734,-992,-5612,-5065,-6079,-5810,-2750,-2138]} 1. d4 f5 2. g3 Nf6 3. Bg2 g6 4. Nf3 Bg7 5. O-O O-O 6. b4 d6 7. Bb2 e5 {A81: Dutch Defence: 2 g3} (7... c6 8. c4 Na6 9. Qb3 Kh8 10. Nc3 Nc7 11. Rad1 a5 12. a3 axb4 13. axb4 Be6 14. d5 cxd5 15. cxd5 Bg8 {0-1 (53) Stefansson,H (2538)-Sethuraman,S (2638) Sitges 2019}) 8. dxe5 Nfd7 9. Qd5+ Kh8 {White is better.} 10. Bc3 dxe5 11. Nxe5 Nxe5 12. Bxe5 Qxd5 13. Bxg7+ Kxg7 14. Bxd5 c6 15. Bf3 $146 (15. Bb3 {is interesting.} a5 16. bxa5 Rxa5 17. Nc3 Rc5 18. Na4) ({Predecessor:} 15. Bb3 Na6 16. a3 f4 17. Nc3 Bh3 18. Rfd1 {1-0 (18) Kalinitschew,S (2491)-Issel,O (2158) Berlin 2005}) 15... a5 16. bxa5 Rxa5 17. Nd2 Nd7 18. Nb3 Ra3 19. Rfd1 Ne5 20. Bg2 Re8 21. e3 Kf6 22. Nd4 Nf7 (22... Re7 $11) 23. Rd3 $16 Ra6 24. Rb3 g5 25. Bf1 ({White should try} 25. a4 $16) 25... Ra4 $14 26. Rb6 Re5 27. Rd1 g4 28. h4 Rxa2 29. Bc4 Ra8 30. Nb5 Re7 31. Bxf7 Rxf7 32. Nd6 Rd7 {White must now prevent ...Ke6.} 33. Rd3 Re7 34. Nxc8 (34. Rd4 $14) 34... Rxc8 {[%mdl 4096] Endgame KRR-KRR} 35. Rdb3 Rcc7 36. Kf1 Ke6 37. Ke2 Kd5 38. Rb1 Kc5 39. R1b3 Red7 40. Rb1 Kd6 41. R1b4 h5 42. Ke1 Ke7 43. Rf4 Rd5 44. Rfb4 Rdd7 45. Rf4 Ke6 46. Rfb4 Rf7 47. Ke2 Rcd7 48. Ke1 Kf6 49. Rb1 Kg7 50. Ra1 Rde7 51. Ra7 Rd7 52. Ra1 (52. Rb3 $14) 52... Kf6 53. Rab1 Rfe7 54. Ra1 Ke6 55. Ra5 Rf7 (55... Rd5 {looks sharper.} 56. Ra7 Red7 57. Kf1 Rd1+ 58. Kg2 Rc1) 56. Rb3 (56. Ra8 {feels hotter.} Rh7 57. Re8+ Rhe7 58. Rb8 Kd5 59. Rb4) 56... Rd5 57. Rxd5 (57. Ra8 {with more complications.} Rfd7 58. Rb1 Rc5 59. Re8+ Kf6 60. Rd1) 57... Kxd5 $11 {KR-KR} 58. Rd3+ Kc4 $1 59. Kd2 c5 $1 60. Kc1 Re7 61. Rd6 Re5 (61... b5 $15) 62. Rh6 $2 {[%mdl 8192] [#]} (62. Rb6 $1 $11 {and White has nothing to worry.}) 62... Kc3 $1 $19 63. Rxh5 c4 64. Rg5 $2 (64. Rh7 {was the crucial defense.} Rd5 65. Rc7 (65. Rxb7 $2 Rd2 $17 {[%mdl 64] Double Attack})) 64... b5 {[%cal Bb7b5,Bb5b4][%mdl 32]} 65. h5 {[#] h6 is the strong threat.} b4 $1 {( -> ...Ra5)} 66. h6 Ra5 {[%cal Ra5a1]} 67. Kd1 Ra1+ (67... b3 $142 68. h7 bxc2+ 69. Ke2 c1=Q 70. h8=Q+ Kb3 71. Qb8+ Kc2 72. Qd6 Ra2 73. Rxg4 fxg4 74. Qd2+ Qxd2+ 75. Kf1 Ra1+ 76. Kg2 Qe1 77. Kh2 Qxf2#) 68. Ke2 {Black is clearly winning.} Rh1 (68... Kxc2 $142 69. Rg8 b3) 69. Rxf5 Kxc2 70. Rf4 Kc3 71. Rxg4 Rxh6 {Accuracy: White = 44%, Black = 42%.} 0-1

[Event "Marienbad Open GM 2020"]
[Site "Marianske Lazne"]
[Date "2020.01.21"]
[Round "5.3"]
[White "Plat, Vojtech"]
[Black "Dev, Shah"]
[Result "1-0"]
[WhiteElo "2589"]
[BlackElo "2320"]
[Annotator "TA"]
[PlyCount "68"]
[EventDate "2020.01.18"]
[EventType "tourn"]
[EventCountry "CZE"]
[SourceTitle "playchess.com"]
[Source "ChessBase"]
[SourceQuality "1"]

{[%evp 10,68,29,0,17,0,27,8,16,8,32,9,22,-22,24,2,5,54,182,200,211,110,133,121,161,120,270,256,265,248,245,159,151,148,146,74,75,76,100,92,98,96,105,114,110,97,155,157,160,130,144,139,328,323,510,508,491,502,697,681,851]} 1. d4 d5 2. Nf3 Nf6 3. e3 c6 4. Bd3 Bg4 5. Nbd2 Nbd7 6. c4 (6. h3 $5 {[%cal Rh3g4]} Bh5 7. O-O $14) 6... e6 {D11: Slav Defence: 3 Nf3 sidelines and 3...Nf6 4 e3 Bg4} (6... e5 $5 {[%cal Re5e4]} 7. cxd5 cxd5 8. dxe5 Nxe5 $11 {[%mdl 64] Pin}) 7. Qc2 (7. O-O Bd6 8. b3 O-O 9. Bb2 a5 10. Qc2 Qb8 11. h3 Bh5 12. Ng5 Bg6 13. Bxg6 hxg6 14. a4 Bb4 15. Ndf3 Nh7 16. Nxh7 Kxh7 17. e4 {1-0 (54) Andreikin,D (2712)-Korobov,A (2652) Huaian 2017}) 7... Bd6 8. b3 O-O {The position is equal.} 9. Bb2 Qb8 10. Ng5 {[%cal Rd3h7]} g6 $146 ({Predecessor:} 10... h6 11. Nh7 Nxh7 12. Bxh7+ Kh8 13. h3 {½-½ (41) Rombaldoni,D (2469)-Kapnisis,S (2516) Rijeka 2009}) 11. h4 Bf5 12. h5 Bxd3 13. Qxd3 e5 (13... h6 $14) 14. hxg6 $18 hxg6 15. O-O-O (15. cxd5 $18 cxd5 16. e4) 15... e4 $16 16. Qe2 Kg7 17. f3 Qe8 (17... exf3 $16 18. Qxf3 (18. Ndxf3 Qe8 $14) 18... Rh8) 18. fxe4 $18 dxe4 19. Qf2 Qe7 20. d5 {[#] Threatening mate with Rh7+.} Be5 {aiming for ...Bxb2+.} 21. Ndxe4 cxd5 22. cxd5 (22. Rxd5 $142 Nxd5 23. Rh7+ Kg8 24. cxd5) 22... Nxe4 $16 23. Nxe4 $40 {[%mdl 128] White is out for blood.} Bxb2+ 24. Qxb2+ f6 25. Qd4 {Strongly threatening Ng5.} Rae8 26. Rh4 Rh8 27. d6 Qe5 ({Black should try} 27... Qe6 28. Rxh8 Rxh8) 28. Qxe5 fxe5 29. Rhh1 Rxh1 30. Rxh1 Re6 $2 {[#]} (30... Rd8 $16 {keeps fighting.} 31. Rf1 b6) 31. Kb2 $18 Nf6 (31... g5 {might work better.} 32. b4 Re8) 32. Rd1 {White is clearly winning.} Re8 33. Nc5 Rb8 34. d7 Ra8 {Accuracy: White = 41%, Black = 30%.} 1-0